Méditations sur les principales vérités de la foi et de la morale por tous les jours de l'année : ouvrage treès-utile aux ecclésiastiques, à tous ceux qui sont chargés d'annoncer la parole de Dieu et aux fidèles

Detalles Bibliográficos
Autor principal: Kroust, Jean Michel
Formato: Libro
Lenguaje:French
Publicado: Lyon 1853-1857
Materias:
Colección:Banco de datos
Acervo:Biblioteca de la Congregación del Oratorio de San Felipe Neri de México. Iglesia La Profesa
Descripción Física:5 t. 18 cm.
Tema general:Ascética
Notas:Encuadernación en cartón con lomo en piel (7290, 7530, 7531). Daños en la encuadernación (7290, 7530, 7531)
LEADER 01204nam a22001930004500
035 |a 3400 
041 0 |a fre 
100 1 |a Kroust, Jean Michel 
245 1 0 |a Méditations sur les principales vérités de la foi et de la morale por tous les jours de l'année : ouvrage treès-utile aux ecclésiastiques, à tous ceux qui sont chargés d'annoncer la parole de Dieu et aux fidèles  |c par le R. P. Kroust. Avec un choix de celles du P. Dupont. Traduites en français, A. D. G.  
260 |a Lyon  |b Girard ét [sic] Josserand, imprim.-libraires  |c 1853-1857 
300 |a 5 t.  |c 18 cm. 
500 |a Encuadernación en cartón con lomo en piel (7290, 7530, 7531). Daños en la encuadernación (7290, 7530, 7531) 
504 |a Índice de materias 
505 0 0 |a t. 1 Soin du salut, nécessité de la pénitence et régne de J.-C.-- t. 3 Sur la passion, la resurrection et les perfections de Dieu.-- t. 4 Sur les perfections de Dieu et la nécessité de se sanctifier 
650 1 0 |a Ascética 
949 |a Iglesia La Profesa, Biblioteca t. 1 (7290); t. 3 (7530); t. 4 (7531) 
942 |c PROFESA 
943 |g Biblioteca de la Congregación del Oratorio de San Felipe Neri de México. Iglesia La Profesa 
999 |c 950211  |d 950211